Windows 2000 server : MCSA/MCSE self-packed training kit, exam 70-215 (Record no. 202760)
[ view plain ]
| 000 -LEADER | |
|---|---|
| fixed length control field | 00494nam a2200169Ia 4500 |
| 008 - FIXED-LENGTH DATA ELEMENTS--GENERAL INFORMATION | |
| fixed length control field | 231221s9999 xx 000 0 und d |
| 041 ## - LANGUAGE CODE | |
| Language code of text/sound track or separate title | English |
| 082 ## - DEWEY DECIMAL CLASSIFICATION NUMBER | |
| Classification number | 001.6424WIN MIC1; |
| 100 ## - MAIN ENTRY--PERSONAL NAME | |
| Personal name | Microsoft |
| 245 #0 - TITLE STATEMENT | |
| Title | Windows 2000 server : MCSA/MCSE self-packed training kit, exam 70-215 |
| 250 ## - EDITION STATEMENT | |
| Edition statement | 2nd ed |
| 260 ## - PUBLICATION, DISTRIBUTION, ETC. | |
| Date of publication, distribution, etc. | 2003 |
| Name of publisher, distributor, etc. | PHI |
| Place of publication, distribution, etc. | New Delhi |
| 300 ## - PHYSICAL DESCRIPTION | |
| Extent | lxiv+1321 |
| 300 ## - PHYSICAL DESCRIPTION | |
| Dimensions | 25756 |
| 650 ## - SUBJECT ADDED ENTRY--TOPICAL TERM | |
| Topical term or geographic name entry element | Windows,2000,server,:,MCSA/MCSE,self-packed,training,kit,,exam,70-215 |
| 942 ## - ADDED ENTRY ELEMENTS (KOHA) | |
| Koha item type | Compact Disks |
| Date last seen | Total checkouts | Full call number | Accession number | Price effective from | Category | Lost status | Damaged status | Department | Withdrawn status | Home library | Current library | Shelving location | Entry date | Vendor | Grants | Billnumber | Billdate | Currency symbol | Conversion rate | Discount | Old discount |
|---|---|---|---|---|---|---|---|---|---|---|---|---|---|---|---|---|---|---|---|---|---|
| 26/01/2024 | 001.6424WIN MIC1; | CD1148 | 26/01/2024 | Compact Disks | Central Library | Central Library | Central Library | Central Library | Sai Books | MCA | 264 | 09/09/2009 | RS | 1 | 20 | ||||||
| 26/01/2024 | 001.6424WIN MIC1; | CD1149 | 26/01/2024 | Compact Disks | Central Library | Central Library | Central Library | Central Library | Sai Books | MCA | 264 | 09/09/2009 | RS | 1 | 20 |
